000 00826nam a2200217 a 4500
008 130820s2012 ||||||||||||||||| || u
020 _a9781412934930
050 _aJZ 1318 Cap
100 _aMadeira, Mary Anne
245 1 0 _aGlobalization, institutions and governance
_cBy James A Caporaso and Mary Anne Madeira
260 _aLos Angeles:
_bSAGE Publications
_c2012
300 _a190p.:
500 _aIncludes bibliography
650 _aGLOBALIZATION--POLITICAL ASPECTS
650 _aINTERNATIONAL ECONOMIC ASPECTS
650 0 _aGLOBALIZATION
650 0 _aGLOBALIZATION--ECONOMIC ASPECTS
650 0 _aCORPORATE GOVERNANCE
700 _aCaporaso, James A
995 _FCBU-MAIN LIBRARY (Kitwe)
_M1
_UAVAILABLE
_WSep 16, 2013
_ZMain Library Open Access Collection
999 _c44735
_d44735